000 00762cam a22002411 4500
001 12452
003 BD-RjUL
005 20211208235309.0
008 140128s1963 nyua 001 0 eng
035 _a(BD-RjUL)12501
040 _aDLC
_cDLC
_dICU
_dDLC
_dBD-RjUL
_beng
041 _aeng
082 0 0 _223
_a580
_bFUP 1963
100 1 _aFuller, Harry James,
_d1907-
_938733
245 1 4 _aThe plant world :
_ba text in college botany /
_cHarry J. Fuller and Zane B. Carothers.
250 _a4th ed.
260 _aNew York :
_bHolt, Rinehart and Winston ,
_cc1963.
300 _aviii, 564 p. :
_bill. ;
_c24 cm.
504 _aIncludes index.
650 0 _aBotany.
_938734
700 1 _aCarothers, Zane B.
_q(Zane Bland),
_d1924-
_ejoint author.
_938735
942 _2ddc
_cBK
999 _c12452
_d12452